000 00968cam a2200301 a 4500
001 1091035
003 OSt
005 20140310182647.0
008 930112s1994 pau 000 0 eng
010 _a 92074655
020 _a1850781494
040 _aDLC
_cDLC
050 0 0 _aBV 4832
_b.T757 1973
082 0 0 _aM 242
_bT66 1973
100 1 _aTozer, A. W.
_q(Aiden Wilson),
_d1897-1963.
245 1 0 _aGod tells the man who cares /
_cTozer, A.W. ; compiled by Anita M. Bailey.
260 _aCamp Hill, PA :
_bChristian Publications,
_cc1994
300 _a214 p. ;
_c22 cm.
521 _aCollege Stundents
526 _c1210L to 1700L
541 _j1
562 _efor circulation. 1 copy available in the collection
650 0 _aMeditations.
700 1 _aBailey, Anita M.
906 _a7
_bcbc
_corignew
_d2
_eopcn
_f19
_gy-gencatlg
942 _2lcc
_cBK
_kM
999 _c15071
_d15071